000 01515cam a22003735i 4500
001 653303
003 EG-ScBUE
005 20250315115120.0
008 940630t1995 nyua frd 001 0 eng d
020 _a007003575X
020 _a9780070035751
040 _aEG-ScBUE
_beng
_erda
_cEG-ScBUE
_dEG-ScBUE
082 0 4 _a511.6076
_bBAL
_222
100 1 _aBalakrishnan, V. K.,
_d1931-,
_941286
_eauthor.
245 1 0 _aSchaum’s outline of theory and problems of combinatorics /
_cV. K. Balakrishnan, Ph.D., professor of mathematics, university of Maine, Orono, Maine.
246 3 0 _aTheory and problems of combinatorics
246 3 0 _aCombinatorics
264 1 _aNew York :
_bMcGraw-Hill, Inc.,
_c[1995]
264 4 _cc1995
300 _aviii, 200 pages :
_billustrations ;
_c29 cm.
336 _2rdacontent
_atext
_btxt
337 _aunmediated
_2rdamedia
_bn
338 _avolume
_bnc
_2rdacarrier
490 0 _aSchaum’s outline series
500 _aIncludes index.
500 _aIncludes glossary.
500 _aIncludes appendix.
650 7 _aCombinatorial analysis
_vOutlines, syllabi, etc.
_2BUEsh
_941287
650 7 _aCombinatorial analysis
_vProblems, exercises, etc.
_2BUEsh
_941288
856 4 2 _3Publisher description
_uhttp://www.loc.gov/catdir/description/mh031/94026728.html
856 4 1 _3Table of contents
_uhttp://www.loc.gov/catdir/toc/mh022/94026728.html
856 4 2 _3Contributor biographical information
_uhttp://www.loc.gov/catdir/enhancements/fy1012/94026728-b.html
942 _2ddc
_cBB
999 _c22433
_d22405